Beiträge zur 2. Etape des neuen ökonomischen Systems der Planung und Leitung der Volkswirtschaft Wissenschaftliche Zeitschrift der Martin-Luther-Universität Halle-Wittenberg

Saved in:
Bibliographic Details
Format: Book
Language:German
Published: Halle-Wittenberg Martin-Luther-Universität 1966
Series:Gesellschafts- und Sprachwissenschaftliche Reihe Heft 6
Tags: Add Tag
No Tags, Be the first to tag this record!

MARC

LEADER 00000nam a2200000 4500
001 c104821
005 20240417135059.5
041 0 |a ger 
044 |a DE 
245 1 0 |a Beiträge zur 2. Etape des neuen ökonomischen Systems der Planung und Leitung der Volkswirtschaft  |b Wissenschaftliche Zeitschrift der Martin-Luther-Universität Halle-Wittenberg 
264 1 |a Halle-Wittenberg  |b Martin-Luther-Universität  |c 1966 
300 |a S. 770-1023 
490 1 |a Gesellschafts- und Sprachwissenschaftliche Reihe  |v Heft 6 
830 0 |a Gesellschafts- und Sprachwissenschaftliche Reihe  |v Heft 6